TRADA : Timber Research and Development Association (Record no. 119755)

MARC details
000 -LEADER
fixed length control field 00916cam a2200217 4500
001 - CONTROL NUMBER
control field WS110471
008 - FIXED-LENGTH DATA ELEMENTS--GENERAL INFORMATION
fixed length control field 000000n 000 0 eng u
035 ## - SYSTEM CONTROL NUMBER
System control number (Sirsi) u110471
110 ## - MAIN ENTRY--CORPORATE NAME
Corporate name or jurisdiction name as entry element Timber Research and Development Association
245 ## - TITLE STATEMENT
Title TRADA : Timber Research and Development Association
520 ## - SUMMARY, ETC.
Summary, etc. Site for this organisation which describes itself as a 'centre of excellence on the specification and use of timber and wood products'. Includes a searchable list of members, news, a database of articles on timber, a glossary of terms and an index of research projects.
650 ## - SUBJECT ADDED ENTRY--TOPICAL TERM
Topical term or geographic name entry element BUILT ENVIRONMENT-BUILDING INSPECTION
650 ## - SUBJECT ADDED ENTRY--TOPICAL TERM
Topical term or geographic name entry element ORGANISATION
650 ## - SUBJECT ADDED ENTRY--TOPICAL TERM
Topical term or geographic name entry element TIMBER
650 ## - SUBJECT ADDED ENTRY--TOPICAL TERM
Topical term or geographic name entry element GLOSSARY
650 ## - SUBJECT ADDED ENTRY--TOPICAL TERM
Topical term or geographic name entry element RESEARCH
650 ## - SUBJECT ADDED ENTRY--TOPICAL TERM
Topical term or geographic name entry element WOOD
690 ## - LOCAL SUBJECT ADDED ENTRY--TOPICAL TERM (OCLC, RLIN)
Topical term or geographic name as entry element BUILT ENVIRONMENT-BUILDING MATERIALS
856 40 - ELECTRONIC LOCATION AND ACCESS
Uniform Resource Identifier <a href="https://www.trada.co.uk">https://www.trada.co.uk</a>
Public note View the website free of charge at www.trada.co.uk...
942 ## - ADDED ENTRY ELEMENTS (KOHA)
Suppress in OPAC 0
Holdings
Withdrawn status Lost status Source of classification or shelving scheme Damaged status Not for loan Home library Current library Shelving location Date acquired Total Checkouts Full call number Barcode Date last seen Copy number Price effective from Koha item type
    Dewey Decimal Classification     Virtual Virtual Online 23/01/2001   WEB SITE 110471-2001 06/08/2019 1 06/08/2019 Online material